Drama Movies of the Last 25 Years Quiz Stats

Quiz Updated Apr 18, 2017

Challenge
Share
Tweet
Score 0/25 Timer 08:00
1 Play Today
% Correct
Black Swan
97%
Forrest Gump
95.5%
Slumdog Millionaire
93.9%
Braveheart
93.7%
Cast Away
91.9%
12 Years a Slave
90.1%
Fight Club
88.3%
Good Will Hunting
87.1%
The Help
86.4%
Catch Me If You Can
85.8%
The Blind Side
84.8%
Gone Girl
83.8%
The Aviator
82.4%
% Correct
Silver Linings Playbook
81.8%
No Country for Old Men
80.7%
Jerry Maguire
78.3%
Straight Outta Compton
77.2%
Pearl Harbor
76.9%
A Few Good Men
76.2%
The Truman Show
75%
Lost in Translation
74%
Moonlight
71.4%
What's Eating Gilbert Grape
70.1%
Pride and Prejudice
58.8%
The Prestige
48.1%

You're not logged in!

Compare scores with friends on all Sporcle quizzes.
Sign Up with Email
OR
Log In

You Might Also Like...

Show Comments

Extras

Top Quizzes Today


Score Distribution

Your Account Isn't Verified!

In order to create a playlist on Sporcle, you need to verify the email address you used during registration. Go to your Sporcle Settings to finish the process.